| 000 | 01035cam a2200253 4500 | ||
|---|---|---|---|
| 001 | WB4014-22 | ||
| 008 | 040415n2004 000 0 eng u | ||
| 035 | _a(Sirsi) u125833 | ||
| 245 | _aMajor boost for sustainable farming | ||
| 260 | _c2004 | ||
| 490 |
_aDEFRA News Release _v(144/04) 14 April 2004, (3) |
||
| 520 | _aEnvironmental Stewardship is a new agri-environment scheme developed in response to recommendations made by the Policy Commission on the Future of Farming and Food. The scheme is made up of three elements: Entry Level Stewardship (ELS),Organic Entry Level Stewardship (OELS), and Higher Level Stewardship (HLS). For the DEFRA press release: http://www.defra.gov.uk/news/2004/040414a.htm | ||
| 590 | _aWB | ||
| 590 | _aWB | ||
| 650 | _aFARMING | ||
| 650 | _aSUSTAINABLE FARMING | ||
| 650 | _aFARMING PRACTICES | ||
| 650 | _aFARMING POLICIES | ||
| 650 | _aCOUNTRYSIDE MANAGEMENT | ||
| 650 | _aORGANIC FARMING | ||
| 650 | _aORGANIC FARMS | ||
| 690 | _aRURAL-FARM BUSINESS MANAGEMENT | ||
| 942 | _n0 | ||
| 999 |
_c117204 _d117204 |
||